000 01886 a2200229 4500
001 32024
005 20260407155621.0
008 260407a2000 arg spa d
003 AR-UNSa-BCEJYS
040 _aAR-UNSa-BCEJYS
_bspa
_cAR-UNSa-BCEJYS
080 _a658.012
_xMétodos (Management...)
245 1 0 _aPolítica, gobierno y gerencia de las organizaciones
_pacuerdos, dualidades y divergencias
020 _a987-9460-03-0
264 1 _aBuenos Aires :
_bPrentice Hall
_c2000
300 _a411 p.
_c23 cm.
505 _aParte I: Análisis de la organización: 1. Enfoque descriptivo y normativo - 2. La organización y el enfoque de sistemas - 3. Los factores de la complejidad - Parte II: Diseño y modelos de organización: 4. La organización planeada - 5. Los propósitos y su ajuste en el tiempo - 6. La organización del trabajo - 7. Aspectos metodológicos del diseño - 8. Las funciones básicas en el modelo - Parte III: Dinámica y desarrollo de la organización: 9. La organización en marcha - 10. Procesos de cambio: Lo proyectado - Parte IV: Imágenes y cultura de la organización: 11. Componentes culturales de la organización - 12. Los elementos del orden simbólico - Parte V: El lado oculto de la organización: 13. Estrategias de poder y persuación - 14. Las tensiones, crisis y conflictos - 15. Efectos no deseados del modelo competitivo - Parte VI: Política, gobierno y gerencia: 16. La política: El acuerdo y los propósitos - 17. El gobierno: La estrategia y el rumbo - 18. La gerencia: La praxis del cambio - 19. La dimensión social y cultural - 20. Gestión de instituciones
041 _aspa
942 _cBK
590 _aniveau_biblio:m niveau_hierar:0
100 1 _aEtkin, Jorge Ricardo
856 4 1 _uhttps://biblioeco.unsa.edu.ar/pmb/images/libros/Politica gobierno y gerencia de las organizaciones-l86325.jpg
_yImagen de portada
_qimage/jpeg
999 _c2237
_d2237